1132 1064 1873 1104 1862 1870 1508 1404 1949 1139 1983 1815 1560 1550 1986 1998 1649 1396 1993 1169 1362 1217 1443 1196 1478 1572 1252 1314 1572 1829 1404 1676 1888 1574 1572 1736 1783 1805 1575 1617 1336 1513 1577 1401 1692 1706 1056 1149 1453 1825 1468 1959 1513 1477 1764 1140 1283 1688 1481 1007 1319 1269 1094 1320 1142 1573 1705 1861 1294 1305 1431 1158 1099 1574 1936 1753 1295 1632 1440 1938 1096 1192 1041 1017 1390 1394 1769 1535 1398 1448 1691 1590 1223 1375 1173 1246 1822 1069 1491 BCNSPRNW ULIB Ver.6.0+V

เปลี่ยนเป็นภาษาไทย

Change to English
 แสดงรายละเอียดบรรณานุกรม
  กลับหน้าหลัก

Brief Record : Get Marc (ISO 2709) : E-mail record : QR code < ปิดหน้าต่าง
LEADER : 00000nam 2200000uu 4500
001    13399128231
003     ULIB
008    220822s2563||||th 000 0 tha d
020    ^a9786169321309
060 04 ^aWY100.5^bน927
245 00 ^aแนวทางการพยาบาลผู้ป่วยได้รับสารน้ำทางหลอดเลือดดำ /^cชมรมเครือข่ายพยาบาลผู้ให้สารน้ำแห่งประเทศไทย
250    ^aพิมพ์ครั้งที่ 3
260    ^aกรุงเทพฯ :^bชมรมเครือข่ายพยาบาลผู้ให้สารน้ำแห่งประเทศไทย,^c2563
300    ^a53 หน้า :^bภาพประกอบ ;^c25 ซม.
650  4 ^aการให้ยาทางสาย
650  4 ^aสารน้ำในร่างกาย
650  4 ^aหลอดเลือดดำ
710 2  ^aชมรมเครือข่ายพยาบาลผู้ให้สารน้ำแห่งประเทศไทย
945    ^p200^l0^i009332
999    ^aประนอม เกษจรัล
รายการนี้ยังไม่มีแท็ก
คุณยังไม่ได้ล็อกอิน คุณสามารถมีกิจกรรมร่วมกับเว็บไซต์ได้ แต่ต้องล็อกอินก่อน ::
  ล็อกอิน

รายการสื่อสารสนเทศ

ลำดับที่ ประเภท เลขเรียก/บาร์โค้ด สถานที่ สถานะ
1. Book การพยาบาล
หนังสือสำรอง
สถานะ=หนังสือสำรอง
WY100.5 น927 ฉ.1 
  Barcode: 009332
ห้องสมุดวิทยาเขตสวรรค์ประชารักษ์
►หนังสือทั่วไป
บนชั้น

รายการใกล้เคียง
    หัวเรื่อง [สารน้ำในร่างกาย]
    หัวเรื่อง [หลอดเลือดดำ]

BibComment


ยังไม่เคยถูกคอมเมนท์

คอมเมนท์ทรัพยากรรายการนี้
  คอมเมนท์: แนวทางการพยาบาลผ..


 Copyright 2026. Bcnsprnw @Library